00289nam a2200121Ia 4500008004100000082001600041100002300057245002700080250000900107260003500116300000800151650000800159191201s2008 xx 000 0 und d a005.43bKAU aKANETKAR, Yashwant 0aUNIX Shell Programming aRep. aN.DelhibBPB Publicationc2008 a486 aMCA